000 01391nam0a2200349 4500
001 RU\NLR\BIBL_A\022781893
005 20260426080823.0
010 _a978-5-04-231052-2
_93000
035 _a(NLR Aleph) 022781893
090 _a13697218
_c13697218
100 _a20260410d2026 u y0rusy50 ca
101 0 _arus
102 _aRU
105 _aa z 000yy
181 0 _ai
_baxxe
181 0 _ab2
_bbb2e
182 0 _an
200 1 _aГотовим в аэрогриле
_eболее 40 блюд от завтраков до десертов
_f[главный редактор: Р. Фасхутдинов]
203 _aТекст
_aИзображение
_bвизуальные
_cнепосредственные
210 _aМосква
_cЭксмо, Хлеб*Соль
_d2026 (печ. 2025)
215 _a94, [1] с.
_cцв. ил.
_d23
225 1 _aГаджеты на кухне
_eлегкие и вкусные рецепты
333 _a16+
606 1 _aАэрогриль
_xПрименение в кулинарии
_92203843
_3RU\NLR\AUTH\661324176
606 1 _aКулинария
_xРецептура
_92080572
_3RU\NLR\AUTH\661256513
686 1 _aЛ990.2
686 1 _aЛ997
702 1 _4340
_7ca
_8rus
_aФасхутдинов
_bР.
_gРамиль
_9221368
_3RU\NLR\AUTH\770221424
942 _cBOOK
980 _aNB